ZNALOSTI 2012 : Sborník příspěvků 11 ročníku konference, Mikulov, hotel Eliška 14.-16. 10. 2012

Saved in:
Bibliographic Details
Other Authors: Krajči, Stanislav (Editor)
Format: Book
Language:Slovak
Czech
English
Published: Praha : Matfyzpress, 2012
Tags: Add Tag
No Tags, Be the first to tag this record!

MARC

LEADER 00000nam a22000003a 4500
001 stu255954
005 20150617230212.3
008 121017s--------xr------------------slo-d
020 |a 978-80-7378-220-7 
040 |a STU  |b slo 
041 0 |a slo  |a cze  |a eng 
044 |a xr 
100 1 |a Krajči, Stanislav  |4 edt 
242 0 0 |a Modeling the knowledge of a software developer using light-weight semantics  |y eng 
245 1 |a ZNALOSTI 2012 :  |b Sborník příspěvků 11 ročníku konference, Mikulov, hotel Eliška 14.-16. 10. 2012 
260 |a Praha :  |b Matfyzpress,  |c 2012 
300 |a 172 s 
996 |c I*Z6826  |l I  |s A  |a 24  |w stu255954_0001 
996 |c I*Z6846  |l I  |s A  |a 24  |w stu255954_0002 
996 |c I*Z6950  |l I  |s A  |a 24  |w stu255954_0003